Estatísticas para 100 Brasileiros Famosos por Imagem #3

Clique aqui para jogar o quiz

Estatísticas Gerais

  • Esse quiz foi jogado 645 vezes
  • A pontuação média é 42 de 100

Estatísticas das Respostas

Resposta% Correto
Tatá Werneck
93%
Maisa Silva
91%
Caio Castro
89%
Gusttavo Lima
89%
Whindersson Nunes
89%
Zeca Pagodinho
87%
Angélica
84%
David Luiz
84%
Preta Gil
84%
Marcelo
82%
Pyong Lee
82%
Lulu Santos
80%
Iza
79%
Danilo Gentili
78%
Marília Mendonça
78%
Tiago Leifert
78%
Paula Fernandes
77%
Supla
77%
Bruno Gagliasso
76%
Ludmilla
75%
Cafu
70%
Rubens Barrichello
70%
Kevinho
68%
Henrique Fogaça
66%
Rodrigo Hilbert
65%
Djavan
63%
Maria Júlia Coutinho
63%
Geraldo Alckmin
61%
Roberto Justus
60%
Cristiane Silva
58%
Selton Mello
57%
Fernanda Gentil
56%
Mariana Ximenes
54%
Kelly Key
53%
Martinho da Vila
53%
Mateus Solano
51%
Wanessa Camargo
48%
Fafá de Belém
46%
Alexandre Nero
44%
Luiz Bacci
43%
Malu Mader
43%
Fernanda Lima
42%
Cissa Guimarães
41%
Marcelo Tas
41%
Renata Vasconcellos
41%
Reginaldo Rossi
40%
Vera Fischer
40%
Evaristo Costa
39%
Gal Costa
39%
Sophia Abrahão
39%
Cristiane Torloni
38%
Fernanda Torres
38%
Ana Paula Padrão
37%
Bell Marques
36%
Fernanda Garay
36%
Ticiane Pinheiro
36%
Boris Casoy
34%
Cármen Lúcia
34%
Eike Batista
34%
Marisa Orth
33%
Joaquim Barbosa
32%
Sheron Menezes
30%
Laura Cardoso
29%
Romero Britto
29%
Leandra Leal
26%
Jorge Ben
25%
Vitor Belfort
25%
Marisa Monte
24%
Carla Perez
23%
Flávia Saraiva
22%
Chico Pinheiro
21%
Clarice Lispector
21%
Aline Barros
20%
Daniella Cicarelli
19%
Zélia Duncan
19%
Alessandra Ambrosio
17%
Paulo Henrique Amorim
17%
William Waack
17%
Alexandre Garcia
16%
Isabeli Fontana
16%
Janaína Paschoal
16%
Luíza Brunet
16%
Miriam Leitão
16%
Benedita da Silva
13%
João Gilberto
13%
Nara Leão
11%
Leila Barros, do Vôlei
10%
Robson Caetano
10%
Cris Dias
8%
Zileide Silva
8%
Giuliana Morrone
6%
Mayana Neiva
6%
José de Alencar
5%
Graciliano Ramos
4%
Lygia Fagundes Telles
4%
Thomaz Bellucci
4%
Graça Foster
3%
Miguel Nicolelis
3%
Yane Marques
2%
Ana Maria Machado
1%

Distribuição das Pontuações

Percentil de Números Respondidos

Porcentagem de Pessoas com Cada Pontuação

Sua Pontuação Histórica

Você não jogou esse quiz